Paracelsus und Salzburg : Vorträge bei den internationalen Kongressen in Salzburg und Badgastein anlässlich des Paracelsus-Jahres 1993 /

Saved in:
Bibliographic Details
Other Authors: Dopsch, Heinz.
Format: Book
Language:German
Published: Salzburg : Gesellschaft für Salzburger Landeskunde, c1994.
Series:Mitteilungen der Gesellschaft für Salzburger Landeskunde. Ergänzungsband ; 14.
Subjects:
Tags: Add Tag
No Tags, Be the first to tag this record!
LEADER 01287nam a22003375u 4500
001 005244357-4
005 20160409130740.0
008 950202|1994 au |||||||ger|d
035 0 |a ocm33135122 
050 0 0 |a R147.P2  |b P367 1994 
060 0 0 |a 1997 B-011 
060 1 0 |a WZ 100 
245 0 0 |a Paracelsus und Salzburg :  |b Vorträge bei den internationalen Kongressen in Salzburg und Badgastein anlässlich des Paracelsus-Jahres 1993 /  |c herausgegeben von Heinz Dopsch und Peter F. Kramml. 
260 |a Salzburg :  |b Gesellschaft für Salzburger Landeskunde,  |c c1994. 
300 |a 582 p. 
490 1 |a Mitteilungen der Gesellschaft für Salzburger Landeskunde. Ergänzungsband ;  |v 14 
504 |a Includes bibliographical references and index. 
655 2 |a Congresses. 
655 2 |a Biography. 
650 2 2 |a History, Early Modern 1451-1600. 
650 2 2 |a History of Medicine. 
650 1 2 |a Physicians. 
600 0 2 |a Paracelsus. 
600 0 0 |a Paracelsus,  |d 1493-1541  |v Congresses. 
650 0 |a Medicine  |x History  |y 16th century  |v Congresses. 
655 7 |a Conference papers and proceedings.  |2 fast 
655 7 |a History.  |2 fast 
700 1 |a Dopsch, Heinz. 
830 0 |a Mitteilungen der Gesellschaft für Salzburger Landeskunde.  |p Ergänzungsband ;  |v 14. 
988 |a 20020608 
906 |0 MH